Language Quiz

Random Language or Color Quiz

The Black Quiz Stats

 Plays Quiz Updated Nov 28, 2016

Support Sporcle.
Go Orange.
Score 0/15 Timer 03:00
9 Plays Today
Clue Guess % Correct
Popular game in Las VegasBlack Jack
96%
A dark form of sorceryBlack Magic
93.7%
Beginning of the traditional (U.S.) Christmas shopping seasonBlack Friday
93.5%
A system of buying and selling officially controlled goods illegallyBlack Market
93%
To extort money from someoneBlackmail
91.1%
Someone who works with iron with a forgeBlacksmith
89.8%
Wireless handheld deviceBlackberry
87.3%
Astronomy celestial objectBlack Hole
85.1%
Clue Guess % Correct
Anna Sewell's famous horseBlack Beauty
77.3%
British heavy metal band that sings 'Iron Man'Black Sabbath
71.5%
A disgrace or embarrassment to a family or groupBlack Sheep
69.8%
To exclude or ostracize someoneBlacklist
66.6%
When an individual or business is profitableIn the Black
54.7%
Country artist who sang 'Killin' Time'Clint Black
29.4%
Canadian whisky brandBlack Velvet
12.5%

From the Vault

15 in 15: MLB AL Teams

by pecheneg

Sports 15s
Now make them all play against each other at once.
Remove Ads.
Support Sporcle.
Get the best of Sporcle when you Go Orange. This ad-free experience offers more features, more stats, and more fun while also helping to support Sporcle. Thank you for becoming a member.

Show Comments

Extras

Top Quizzes Today


Score Distribution

Your Account Isn't Verified!

In order to create a playlist on Sporcle, you need to verify the email address you used during registration. Go to your Sporcle Settings to finish the process.

Report this User

Report this user for behavior that violates our Community Guidelines.

Details: